000 00167nam a22000857a 4500
245 _aIndia 2017 A Ref. Annual
260 _bPubl, Div.
300 _a1206
942 _2ddc
_cRB
999 _c4651
_d4651